Explosives and homemade bombs. (Record no. 125619)
[ view plain ]
| 000 -LEADER | |
|---|---|
| fixed length control field | 00613cam3a220022900 4500 |
| 001 - CONTROL NUMBER | |
| control field | tmp15799905 |
| 003 - CONTROL NUMBER IDENTIFIER | |
| control field | UPRA |
| 005 - DATE AND TIME OF LATEST TRANSACTION | |
| control field | 20190822091513.0 |
| 008 - FIXED-LENGTH DATA ELEMENTS--GENERAL INFORMATION | |
| fixed length control field | 951102s1968 ilu eng u |
| 035 ## - SYSTEM CONTROL NUMBER | |
| System control number | (Sirsi) r92926 |
| 035 ## - SYSTEM CONTROL NUMBER | |
| System control number | (UPRA)tmp15799905 |
| 040 ## - CATALOGING SOURCE | |
| Transcribing agency | UPRA |
| 100 1# - MAIN ENTRY--PERSONAL NAME | |
| Personal name | Stoffel, Joseph F. |
| Linkage | A51762.1 |
| 245 10 - TITLE STATEMENT | |
| Title | Explosives and homemade bombs. |
| 260 ## - PUBLICATION, DISTRIBUTION, ETC. | |
| Place of publication, distribution, etc. | Spingfield, IL : |
| Name of publisher, distributor, etc. | Thomas, |
| Date of publication, distribution, etc. | [1968] |
| 500 ## - GENERAL NOTE | |
| General note | First published in 1962. |
| 650 #0 - SUBJECT ADDED ENTRY--TOPICAL TERM | |
| Topical term or geographic name entry element | Explosives. |
| Linkage | S2487.1 |
| 650 #0 - SUBJECT ADDED ENTRY--TOPICAL TERM | |
| Topical term or geographic name entry element | Bombs. |
| Linkage | S40592.1 |
| 949 ## - LOCAL PROCESSING INFORMATION (OCLC) | |
| a | TP270 |
| w | lcc |
| m | MAIN |
| t | BOOK |
| l | ON-SHELF |
| 987 ## - LOCAL ROMANIZATION/CONVERSION HISTORY (OCLC) | |
| Romanization/conversion identifier | WITHDRAWN. |
No items available.